000 00676nam a2200181Ia 4500
008 100920s9999 xx 000 0 und d
082 _b3304
_a28 व 930 थ 0
100 _aकानिटकर रा. प्र.
245 _aक्रांतिच्या ज्वाला.
260 _bचित्रशाळा प्रकाशन.पुणे2.
_c0
300 _a78
_bसाधी
365 _b0
520 _aबा. वि. इतिहास.
630 _aक्रांतिच्या ज्वाला.
650 _aबा. वि. इतिहास.
730 _aक्रांतिच्या ज्वाला.
942 _cBOOK
999 _c673369
_d673366